|
|
|
|
| LEADER |
01710nam a2200457 a 4500 |
| 001 |
nkc20051629139 |
| 003 |
CZ PrNK |
| 005 |
20051223133202.0 |
| 007 |
ta |
| 008 |
051028s2005 xr a e f 001 0 cze |
| 015 |
|
|
|a cnb001629139
|
| 020 |
|
|
|a 80-251-0648-9
|q (váz.) :
|c Kč 299,00
|
| 035 |
|
|
|a (OCoLC)85164304
|
| 040 |
|
|
|a OLA001
|b cze
|d ABA001
|
| 072 |
|
7 |
|a 77
|x Fotografie. Fotografické postupy
|2 Konspekt
|9 21
|
| 080 |
|
|
|a 77.089:004.932
|2 MRF
|
| 080 |
|
|
|a 771.31:004.085
|2 MRF
|
| 080 |
|
|
|a 004.932
|2 MRF
|
| 080 |
|
|
|a (035)
|2 MRF
|
| 100 |
1 |
|
|a Lindner, Petr,
|d 1966-
|7 mzk2003203301
|4 aut
|
| 245 |
1 |
0 |
|a Velká kniha digitální fotografie /
|c Petr Lindner, Miroslav Myška, Tomáš Tůma
|
| 250 |
|
|
|a 2., aktualiz. vyd.
|
| 260 |
|
|
|a Brno :
|b CP Books,
|c 2005
|
| 300 |
|
|
|a 284 s. :
|b il. (převážně barev.) ;
|c 24 cm
|
| 500 |
|
|
|a Obsahuje rejstřík
|
| 650 |
0 |
7 |
|a digitální fotografie
|7 ph119455
|2 czenas
|
| 650 |
0 |
7 |
|a digitální fotoaparáty
|7 ph119454
|2 czenas
|
| 650 |
0 |
7 |
|a počítačové zpracování obrazu
|7 ph171357
|2 czenas
|
| 650 |
0 |
9 |
|a digital photography
|2 eczenas
|
| 650 |
0 |
9 |
|a digital cameras
|2 eczenas
|
| 650 |
0 |
9 |
|a computer image processing
|2 eczenas
|
| 655 |
|
7 |
|a příručky
|7 fd133209
|2 czenas
|
| 655 |
|
9 |
|a handbooks and manuals
|2 eczenas
|
| 700 |
1 |
|
|a Myška, Miroslav,
|d 1946-
|7 ola200206298
|4 aut
|
| 700 |
1 |
|
|a Tůma, Tomáš,
|d 1974-
|7 mzk2003203302
|4 aut
|
| 910 |
2 |
|
|a BOA001
|b 2-1160.218
|
| 990 |
|
|
|a BK
|
| 995 |
|
|
|a 01
|
| 991 |
|
|
|b 200511
|c NOV
|
| 996 |
6 |
|
|b 2610263198
|c 2-1160.218
|l MZK
|r Sklad / do 1 hodiny
|n 0
|p p.v.
|w 000796377
|u 000010
|a 1
|e BOA001
|j MZK50
|s P
|
| 996 |
7 |
|
|b 2610263199
|c 2-1160.218
|l MZK
|r Sklad / do 1 hodiny
|n 71
|p p.v.
|w 000796377
|u 000020
|a 1
|e BOA001
|j MZK50
|s A
|